Giáo trình khoa học quản lý T.1 /
Giáo trình "Khoa học quản lý" là một trong hai giáo trình cốt lõi của chuyên ngành quản lý kinh tế nhằm cung cấp cho sinh viên các nội dung cơ bản, có hệ thống và chuyên sâu của môn học.
保存先:
| 第一著者: | |
|---|---|
| フォーマット: | 図書 |
| 言語: | Vietnamese |
| 出版事項: |
Hà Nội :
Khoa học và kỹ thuật,
1999.
|
| 主題: | |
| タグ: |
タグ追加
タグなし, このレコードへの初めてのタグを付けませんか!
|
| Thư viện lưu trữ: | Mạng thư viện Đại học Đà Nẵng |
|---|
| LEADER | 01139cam a2200349 i 4500 | ||
|---|---|---|---|
| 001 | 000042209 | ||
| 003 | 82 | ||
| 005 | 20041027150449.0 | ||
| 008 | 010306b1999 vm 000 vie | ||
| 020 | |c 26000 | ||
| 040 | |a IRC |c IRC |d IRC | ||
| 041 | 0 | |a vie | |
| 082 | 1 | 4 | |a 658.4 |b ĐÔ-T |
| 100 | 1 | |a Đỗ Hoàng Toàn, |c GS.TS. | |
| 245 | 1 | 0 | |a Giáo trình khoa học quản lý |n T.1 / |c Đỗ Hoàng Toàn. |
| 260 | |a Hà Nội : |b Khoa học và kỹ thuật, |c 1999. | ||
| 300 | |a 397 tr. ; |c 20.5 cm. | ||
| 520 | 3 | |a Giáo trình "Khoa học quản lý" là một trong hai giáo trình cốt lõi của chuyên ngành quản lý kinh tế nhằm cung cấp cho sinh viên các nội dung cơ bản, có hệ thống và chuyên sâu của môn học. | |
| 630 | 0 | 4 | |a Kinh tế. |
| 630 | 0 | 4 | |a Quản lý. |
| 650 | 0 | 4 | |a Khoa học quản lý |x Giáo trình. |
| 650 | 0 | 4 | |a Quản lý, khoa học. |
| OWN | |a DUT | ||
| 999 | |a From the UDN01 | ||
| TYP | |a Monograph | ||
| TYP | |a Printed language | ||
| 980 | |a Mạng thư viện Đại học Đà Nẵng | ||